Madonna - Don't Tell Me - Lyrics - Statistics

General Stats
  • This quiz has been taken 31 times
  • The average score is 191 of 240
Answer Stats
Answer % Correct
do
100%
Don't
100%
don't
100%
me
100%
no
100%
not
100%
Not
100%
tell
100%
Tell
100%
the
100%
to
100%
a
94%
I
94%
so
94%
ever
88%
isn't
88%
love
88%
stop
88%
that
88%
we
88%
you
88%
go
82%
it
82%
It's
82%
its
82%
just
82%
shine
82%
something
82%
sun
82%
true
82%
rain
76%
this
76%
drop
71%
of
71%
please
71%
Please
71%
But
65%
leave
65%
Cause
59%
everything
59%
get
59%
have
59%
time
59%
up
59%
blow
53%
Like
53%
said
53%
where
53%
wind
53%
black
47%
fall
47%
I'm
47%
way
47%
by
41%
down
41%
leaves
41%
Let
41%
off
41%
on
41%
Take
41%
at
35%
crow
35%
mouth
35%
open
35%
bed
29%
lay
29%
turn
29%
grave
24%
I'll
24%
knees
24%
learn
24%
stare
18%
calf
12%
yeah
12%
No matching quizzes found
Score Distribution
Percent of People with Each Score
Percentile by Number Answered
Your Score History
You have not taken this quiz